000 00515cam a2200193 4500
001 D7294
008 090401t1981 xxu||||| |||| 00| 0 eng d
035 _a(Sirsi) u6521
041 _aeng
050 _a711.73
110 _aNathaniel Lichfield and Partners
_9871
245 _aM25 London orbital, property market effects
260 _aLondon
_bNathaniel Lichfield and Partners
_c1981
300 _a46p. 30cm
350 _a4.5
710 _aGoldstein Leigh Associates
_9878
942 _n0
948 _c04/03/1997
999 _c86320
_d86320